Életközépi válság mint lehetséges erőforrás
| Main Author: | |
|---|---|
| Other Authors: | |
| Format: | Final Paper |
| Kulcsszavak: | Erőforrás életközép fejlődés krízis tudatosság |
| Online Access: | http://dolgozattar.uni-bge.hu/59992 |
MARC
| LEADER | 00000nta a2200000 i 4500 | ||
|---|---|---|---|
| 001 | dolg59992 | ||
| 005 | 20260409145837.0 | ||
| 008 | 260409suuuu hu o 000 hun d | ||
| 040 | |a BGE Dolgozattár Repozitórium |b hun | ||
| 041 | |a hu | ||
| 100 | 1 | |a Horváth Julianna | |
| 245 | 1 | 0 | |a Életközépi válság mint lehetséges erőforrás |c Horváth Julianna |h [elektronikus dokumentum] |
| 516 | |a Final_paper | ||
| 520 | 3 | |a A dolgozat célja az életközépi válság lehetséges pozitív oldalainak feltárása. Online kérdőíves kutatás keretében 40–65 éves válaszadók tapasztalatait vizsgáltam, hogy feltérképezzem, hogyan élik meg ezt az életszakaszt, és milyen hatással van a válságélmény a mindennapjaikra. Az eredmények alapján a krízis nem csak nehézségekkel jár, hanem új célok megfogalmazását, tudatos életmódváltást és személyes fejlődést is elősegíthet. Az életközépi válság fordulópontként is értelmezhető, amely lehetőséget adhat a belső erőforrások aktiválására, elősegítve a megújulást és a személyes fejlődést. | |
| 695 | |a Erőforrás | ||
| 695 | |a életközép | ||
| 695 | |a fejlődés | ||
| 695 | |a krízis | ||
| 695 | |a tudatosság | ||
| 700 | 1 | |a Végh Ferenc |e ths | |
| 856 | 4 | 0 | |u http://dolgozattar.uni-bge.hu/59992/1/Horv%C3%A1th%20Julianna_%C3%89letk%C3%B6z%C3%A9pi%20v%C3%A1ls%C3%A1g%20mint%20lehets%C3%A9ges%20er%C5%91forr%C3%A1s_2025.pdf |z Dokumentum-elérés |
| 856 | 4 | 0 | |u http://dolgozattar.uni-bge.hu/59992/2/Horv%C3%A1th%20Julianna%20b%C3%ADr%C3%A1lati%20lap%202025%20.pdf |z Dokumentum-elérés |
| 856 | 4 | 0 | |u http://dolgozattar.uni-bge.hu/59992/3/Horva%CC%81th%20Juliann%20KSZ%20e%CC%81s%20MH%20bi%CC%81ra%CC%81lati%20lap%202025.pdf |z Dokumentum-elérés |